Principy perestrojki cenoobrazovanija na uslugi naselenija.

Nedokonalá sústava cien a sadzieb platených služieb ako brzda rozvoja sféry služieb. Úloha cenotvorby v mechanizme ekonomickej regulácie sféry platených služieb. Oslabovanie chozrasčotnej a normatívnej funkcie cenotvorby dotáciami z rozpočtu. Predpoklady prechodu na trhové metódy regulovania sféry s...

Full description

Saved in:
Bibliographic Details
Main Author: Getmanskij, V.I
Other Authors: Cholod, Je.M
Format: Book Chapter
Language:Russian
Subjects:
Tags: Add Tag
No Tags, Be the first to tag this record!

MARC

LEADER 00000naa a2200000 4500
001 r002397
005 20220819192535.4
041 0 |a rus 
044 |a [SU] 
245 1 0 |a Principy perestrojki cenoobrazovanija na uslugi naselenija.  |c V.I. Getmanskij, Je.M. Cholod 
520 |a Nedokonalá sústava cien a sadzieb platených služieb ako brzda rozvoja sféry služieb. Úloha cenotvorby v mechanizme ekonomickej regulácie sféry platených služieb. Oslabovanie chozrasčotnej a normatívnej funkcie cenotvorby dotáciami z rozpočtu. Predpoklady prechodu na trhové metódy regulovania sféry služieb. Model tvorby cien služieb pri prechode na trhové vzťahy. 
610 2 0 |a tvorba cien 
610 2 0 |a služby obyvateľstvu 
610 2 0 |a dotácie 
610 2 0 |a vzťahy trhové 
610 2 0 |a regulácia hospodárska 
610 2 0 |a ZSSR 
100 1 |a Getmanskij, V.I. 
700 1 |a Cholod, Je.M.